जिस रात चाँद गायब हो गया / (Record no. 168613)

MARC details
000 -LEADER
fixed length control field 01213nam a22002177a 4500
005 - DATE AND TIME OF LATEST TRANSACTION
control field 20191017124544.0
010 ## - LCCN (DPL NO)
LC control number B-730559
020 ## - INTERNATIONAL STANDARD BOOK NUMBER
International Standard Book Number 9789353094058
Terms of availability 45.00
035 ## - SYSTEM CONTROL NUMBER
System control number B-730559
037 ## - SOURCE OF ACQUISITION
Source of stock number/acquisition डी.बी.ए.डी./ उपहार
082 ## - DEWEY DECIMAL CLASSIFICATION NUMBER
Classification number
100 ## - MAIN ENTRY--PERSONAL NAME
Personal name यादव, श्रेया
245 ## - TITLE STATEMENT
Title जिस रात चाँद गायब हो गया /
Statement of responsibility, etc श्रेया यादव ; सुनैना कोएल्हों द्वारा चित्रांकित; पुजा ओमवीर रावत द्वारा हिन्दी अनुवाद
260 ## - PUBLICATION, DISTRIBUTION, ETC. (IMPRINT)
Place of publication, distribution, etc नई दिल्ली
Name of publisher, distributor, etc प्रथम बुक्स
Date of publication, distribution, etc 2018
270 ## - ADDRESS
Address #621, 2nd floor, 5th Main, OMBR Layout, Banaswadi,
City Bengaluru
Postal code 560043
Telephone number +91 80 42052574, 91 11 41042483
300 ## - PHYSICAL DESCRIPTION
Extent 20पृ.
Other physical details सचित्र
Dimensions 21x27 सेमी (अजिल्द)
700 ## - ADDED ENTRY--PERSONAL NAME
9 (RLIN) 28835
Personal name कोएल्हों, सुनैना
700 ## - ADDED ENTRY--PERSONAL NAME
9 (RLIN) 28836
Personal name रावत, पुजा ओमवीर
942 ## - ADDED ENTRY ELEMENTS (KOHA)
Source of classification or shelving scheme Dewey Decimal Classification
Item type Children Books
Classification part
Call number suffix यादव
Holdings
Withdrawn status Lost status Not for loan Collection code Home library Current library Date acquired Source of acquisition Cost, normal purchase price Full call number Barcode Copy number Cost, replacement price Koha item type Public note
      Fiction Ashok Vihar Ashok Vihar 17/10/2019 उपहार/26.09.19 45.00 क यादव B-730559 1 45.00 Children Books उपहार

© Delhi Public Library
Hit Counter
free hit counter